Gaming Quiz

Random Gaming or Video Games Quiz

Bioshock Infinite Vigors Quiz Stats

Quiz not verified by Sporcle

Challenge
Share
Tweet
Embed
Score 0/8 Timer 01:30
0 Plays Today
% Correct
Devil's Kiss
95.6%
Murder of Crows
94.8%
Bucking Bronco
87.4%
Possession
81.5%
Shock Jockey
72.6%
Undertow
70.4%
Return to Sender
68.9%
Charge
52.6%

You're not logged in!

Compare scores with friends on all Sporcle quizzes.
Sign Up with Email
OR
Log In

You Might Also Like...

Show Comments

Extras

Top Quizzes Today


Score Distribution

Your Account Isn't Verified!

In order to create a playlist on Sporcle, you need to verify the email address you used during registration. Go to your Sporcle Settings to finish the process.

Report this User

Report this user for behavior that violates our Community Guidelines.

Details: